000 00508pab a2200181 454500
008 180718b2004 xxu||||| |||| 00| 0 eng d
100 _aGandhi, Vasant P.
245 _aIndia's wheat economy: will demand be a constraint or supply?
260 _c2004
300 _ap.4737-746.
362 _a23 Oct
650 _aAgricultural production - India
650 _aAgricultural production
700 _aMullen, John
700 _aZohn, Zhang-Yue
773 _aEconomic and Political Weekly
909 _a62971
999 _c62971
_d62971